000 00387nam a2200157Ia 4500
003 OSt
008 191201s2010 xx 000 0 und d
082 _a343.595
_bJAE
100 _aJAIN, Khushpat S
245 0 _aExport Import Procedures and Documentation
250 _a7th
260 _aNew Delhi
_bHimalaya Publication House
_c2010
300 _a278
650 _aBBA
942 _2ddc
_cBK
999 _c5968
_d5968